[Event "AUTO-OPEN-2740"]
[Site "http://www.queenalice.com/game.php?id=1153676"]
[Date "2013.2.20"]
[Round "2"]
[White "kandido"]
[Black "Pipa1957"]
[Result "0-1"]
[WhiteElo "2139"]
[BlackElo "2090"]

1. d4 Nf6 2. c4 e6 3. Nc3 d5 4. cxd5 exd5 5. Bg5 c6 6. Qc2 h6 7. Bh4 Bd6 8. e3
O-O 9. Bd3 Re8 10. Nge2 b6 11. O-O Bxh2+ 12. Kxh2 Ng4+ 13. Kg3 g5 14. Rh1 gxh4+
15. Rxh4 Nxe3 16. Qd2 Qg5+ 0-1

[Event "AUTO-OPEN-2740"]
[Site "http://www.queenalice.com/game.php?id=1153677"]
[Date "2013.2.20"]
[Round "2"]
[White "Pipa1957"]
[Black "kandido"]
[Result "1-0"]
[WhiteElo "2121"]
[BlackElo "2118"]

1. c4 Nf6 2. Nc3 d5 3. cxd5 Nxd5 4. g3 Nxc3 5. bxc3 g6 6. Bg2 Nc6 7. Nf3 Bg7 8.
O-O O-O 9. d4 Be6 10. Qc2 Bc4 11. Bf4 Qd7 12. Rfe1 Rab8 13. Rad1 Na5 14. Nd2
Rfe8 15. Nxc4 Nxc4 16. e4 e6 17. Bf1 Nd6 18. c4 Rec8 19. Bh3 Ra8 20. d5 f5 21.
dxe6 Qxe6 22. exf5 Nxf5 23. Rxe6 1-0

[Event "AUTO-OPEN-2740"]
[Site "http://www.queenalice.com/game.php?id=1153684"]
[Date "2013.2.20"]
[Round "2"]
[White "Pipa1957"]
[Black "Aguinaldo"]
[Result "1-0"]
[WhiteElo "2117"]
[BlackElo "1846"]

1. c4 e6 2. Nf3 Nf6 3. Nc3 Nc6 4. d4 Bb4 5. Qc2 b6 6. e4 Bxc3+ 7. bxc3 Bb7 8. e5
Ng8 9. Bd3 h6 10. O-O Qe7 11. Rd1 O-O-O 12. Qe2 f6 13. Nh4 Qf7 14. Ng6 Rh7 15.
d5 exd5 16. cxd5 f5 17. dxc6 Bxc6 18. Qh5 Re8 19. Qxf5 Qxf5 20. Bxf5 Nf6 21.
exf6 gxf6 22. f3 Rg7 23. Bxh6 Rh7 24. Bd2 Rh5 25. Bd3 Rd5 26. Nf4 Rc5 27. h4 Rg8
28. Kf2 Bd5 29. Be3 Rxc3 30. Nxd5 Rc6 31. Ne7+ 1-0

[Event "AUTO-OPEN-2740"]
[Site "http://www.queenalice.com/game.php?id=1153685"]
[Date "2013.2.20"]
[Round "2"]
[White "Aguinaldo"]
[Black "Pipa1957"]
[Result "0-1"]
[WhiteElo "1883"]
[BlackElo "2106"]

1. e4 e6 2. d4 d5 3. e5 c5 4. Be3 cxd4 5. Bxd4 Ne7 6. Nf3 Nbc6 7. Bc5 Qa5+ 8.
Qd2 Qxc5 9. Qc3 Ng6 10. Qxc5 Bxc5 11. Bb5 O-O 12. Bxc6 bxc6 13. O-O Rb8 14. b3
Ba6 15. Re1 f6 16. exf6 Rxf6 17. Nbd2 e5 18. Nxe5 Nxe5 19. Rxe5 Rxf2 20. Nf3
Rf1# 0-1

[Event "Challenge"]
[Site "http://www.queenalice.com/game.php?id=1156937"]
[Date "2013.3.2"]
[Round "-"]
[White "Pipa1957"]
[Black "wermon"]
[Result "0-1"]
[WhiteElo "2086"]
[BlackElo "2071"]

1. c4 Nf6 2. Nc3 g6 3. g3 Bg7 4. Bg2 O-O 5. Nf3 d6 6. d4 Nbd7 7. O-O c5 8. e3 e5
9. b3 Ne8 10. dxe5 Nxe5 11. Nxe5 Bxe5 12. Qd2 Rb8 13. Bb2 a6 14. a4 Be6 15. Rfd1
Qe7 16. Ra2 Nc7 17. f4 Bxc3 18. Qxc3 f6 19. a5 b5 20. axb6 Rxb6 21. e4 Bg4 22.
Re1 Rfb8 23. e5 Re8 24. Re4 dxe5 25. fxe5 Qd8 26. Ra1 Be6 27. exf6 Kf7 0-1

[Event "Let's Play Chess!"]
[Site "http://www.queenalice.com/game.php?id=1156938"]
[Date "2013.3.2"]
[Round "-"]
[White "zahe"]
[Black "Pipa1957"]
[Result "1-0"]
[WhiteElo "1666"]
[BlackElo "2137"]

1. e4 e6 2. d4 d5 3. Nc3 Bb4 4. e5 Ne7 5. a3 Bxc3+ 6. bxc3 O-O 7. Nf3 c5 8. Be2
b6 9. Rb1 Ba6 10. Bxa6 Nxa6 11. O-O Qd7 12. Qd3 c4 13. Qe3 Qa4 14. Qe2 Nc6 15.
Bb2 Nc7 16. Qd2 Nb5 17. Rbe1 Ne7 18. Qc1 Nf5 19. Re2 a6 20. Rd1 Ra7 21. Qf4 h6
22. Qd2 Rd7 23. h3 Rb7 24. Qc1 Rc8 25. Rde1 Qa5 26. Qa1 Ne7 27. g3 Qa4 28. Rb1
Nc6 29. Rc1 Rd7 30. Rce1 Kf8 31. g4 Kg8 32. Qc1 Re8 33. g5 h5 34. g6 fxg6 35.
Qg5 Ne7 36. Nh4 Qa5 37. Re3 Qa4 38. Rc1 Rf8 39. Nxg6 Nxg6 40. Qxg6 Nc7 41. Qxh5
Re7 42. Rf3 Ref7 43. Rxf7 Rxf7 44. Qh4 Qb5 45. Ba1 Qa4 46. Qd8+ Kh7 47. Qh4+ Kg8
48. Qd8+ 1-0

[Event "Challenge"]
[Site "http://www.queenalice.com/game.php?id=1162774"]
[Date "2013.3.20"]
[Round "-"]
[White "ATeixeira"]
[Black "Pipa1957"]
[Result "0-1"]
[WhiteElo "2077"]
[BlackElo "2117"]

1. e4 e6 2. d4 d5 3. e5 c5 4. c3 Bd7 5. Nf3 Nc6 6. Bd3 cxd4 7. cxd4 Qb6 8. Be2
Nh6 9. Bxh6 Qxb2 10. Nbd2 gxh6 11. Rb1 Qxa2 12. Rxb7 Nb4 13. O-O O-O-O 14. Rxd7
Rxd7 15. Qb1 Rc7 16. Rc1 Be7 17. Rxc7+ Kxc7 18. Qc1+ Kb8 0-1

[Event "Challenge"]
[Site "http://www.queenalice.com/game.php?id=1162775"]
[Date "2013.3.20"]
[Round "-"]
[White "Pipa1957"]
[Black "ATeixeira"]
[Result "1-0"]
[WhiteElo "2128"]
[BlackElo "2063"]

1. c4 Nf6 2. Nc3 d5 3. cxd5 Nxd5 4. Nf3 g6 5. h4 h5 6. e4 Nxc3 7. bxc3 Bg7 8.
Ba3 O-O 9. Ng5 c6 10. Be2 Nd7 11. d4 Nf6 12. O-O Qc7 13. Re1 b6 14. e5 Nh7 15.
Nxh7 Kxh7 16. Bxh5 gxh5 17. Qxh5+ Kg8 18. Re3 1-0

[Event "OS INCLIVEIS"]
[Site "http://www.queenalice.com/game.php?id=1163037"]
[Date "2013.3.20"]
[Round "-"]
[White "adelio"]
[Black "Pipa1957"]
[Result "1-0"]
[WhiteElo "1768"]
[BlackElo "2140"]

1. f4 d5 2. d4 Nf6 3. c4 c5 4. Nc3 cxd4 5. Qxd4 Nc6 6. Qd1 d4 7. Nb1 e5 8. e4
Nxe4 9. fxe5 Bb4+ 10. Bd2 Nxd2 11. Nxd2 Qh4+ 12. g3 Qe4+ 13. Qe2 Qxh1 14. Nf3
Bg4 15. O-O-O Bxd2+ 16. Kxd2 Qxf3 17. Qxf3 Bxf3 18. Re1 Ke7 19. h4 Rae8 20. Bh3
f6 21. e6 Ne5 22. b3 Rc8 23. g4 b5 24. g5 1-0

[Event "Challenge"]
[Site "http://www.queenalice.com/game.php?id=1164326"]
[Date "2013.3.24"]
[Round "-"]
[White "BAMATOS"]
[Black "Pipa1957"]
[Result "0-1"]
[WhiteElo "1182"]
[BlackElo "2139"]

1. d4 Nf6 2. e3 e6 3. Nc3 d5 4. Nh3 c5 5. Na4 cxd4 6. exd4 Bd7 7. Nc3 Nc6 8. Bd2
Nxd4 9. Be3 Nf5 10. g4 Nxe3 11. fxe3 Qb6 12. Qd2 Nxg4 0-1

[Event "Challenge"]
[Site "http://www.queenalice.com/game.php?id=1165252"]
[Date "2013.3.27"]
[Round "-"]
[White "Pipa1957"]
[Black "pokemon"]
[Result "1-0"]
[WhiteElo "2133"]
[BlackElo "1858"]

1. c4 c6 2. Nc3 d5 3. e3 e6 4. Nf3 Bd6 5. d4 Nd7 6. e4 dxe4 7. Nxe4 Bc7 8. Bd3
Ngf6 9. O-O h6 10. Bd2 Nxe4 11. Bxe4 Nf6 12. Bd3 O-O 13. Bc3 b6 14. Ne5 Bb7 15.
Re1 Qe7 16. Qf3 Bd6 17. Qh3 Qc7 18. Re3 Rad8 19. Rg3 Nd7 20. Qxh6 1-0

[Event "OS INCLIVEIS"]
[Site "http://www.queenalice.com/game.php?id=1167652"]
[Date "2013.4.2"]
[Round "-"]
[White "Pipa1957"]
[Black "adelio"]
[Result "0-1"]
[WhiteElo "2114"]
[BlackElo "1694"]

1. c4 c5 2. Nc3 Nf6 3. Nf3 Nc6 4. g3 e5 5. Bg2 d6 6. O-O h5 7. a3 a6 8. Rb1 Ra7
9. b4 b6 10. Nh4 Rc7 11. Qa4 Bd7 12. bxc5 Ne7 13. Qxa6 Ng6 14. cxb6 Nxh4 15.
bxc7 Qxc7 16. Qa8+ Qc8 17. Rb8 Nxg2 18. Rxc8+ Ke7 19. Rc7 g5 20. Qb7 Nf4 21.
gxf4 gxf4 22. Nd5+ Ke6 23. Nxf6 Kxf6 24. Rxd7 Rg8+ 25. Kh1 Rg7 26. Rg1 Rh7 27.
Qd5 Be7 28. Bb2 h4 29. Rxd6+ Bxd6 0-1

[Event "Challenge"]
[Site "http://www.queenalice.com/game.php?id=1176972"]
[Date "2013.5.1"]
[Round "-"]
[White "eddval"]
[Black "Pipa1957"]
[Result "1-0"]
[WhiteElo "2141"]
[BlackElo "2069"]

1. e4 e6 2. d4 d5 3. Nd2 Nf6 4. e5 Nfd7 5. c3 c5 6. Ne2 Nc6 7. Nf3 Be7 8. a3 O-O
9. b4 f6 10. exf6 Nxf6 11. bxc5 1-0